000
00280nam a2200109Ia 4500
005
20251222114339.0
008
251222s1900||||xx |||||||||||||| ||spa||
082
_a
DVD0092/S25A/2006
245
0
_a
Apariciones marianas.
264
_b
Castillejo, Christian. Salas, Raúl.
942
_c
DVD
999
_c
792
_d
792